Detalles MARC
| 000 -CABECERA |
| Longitud fija campo de control |
01593nam a2200481 c 4500 |
| 001 - NÚMERO DE CONTROL |
| Número de control |
19311 |
| 003 - IDENTIFICADOR DE NÚMERO DE CONTROL |
| Identificador del número de control |
ES-MaCES |
| 005 - FECHA Y HORA DE LA ÚLTIMA TRANSACCIÓN |
| Fecha y hora de la última transacción |
20150929135500.0 |
| 008 - CAMPO FIJO DE DESCRIPCIÓN FIJA--INFORMACIÓN GENERAL |
| Códigos de información de longitud fija |
060830s2006 sp bd t 000 | spa d |
| 017 ## - NÚMERO DE REGISTRO DE DERECHOS DE AUTOR Y DEPÓSITO LEGAL |
| Número de copyright o de depósito legal |
B 15349-2006 |
| Agencia que asigna el número |
DL |
| 020 ## - ISBN (INTERNATIONAL STANDARD BOOK NUMBER) |
| Número Internacional Normalizado para Libros (ISBN) |
8476587821 |
| 035 ## - NÚMERO DE CONTROL DEL SISTEMA |
| Número de control del sistema |
CES20060011798m |
| 040 ## - FUENTE DE CATALOGACIÓN |
| Centro catalogador de origen |
ES-MaCES |
| Lengua de catalogación |
spa |
| Centro transcriptor |
ES-MaCES |
| 245 00 - MENCIÓN DE TÍTULO |
| Título |
Inmigración comunitaria |
| Resto del título |
: ¿discriminación inversa? |
| Mención de responsabilidad, etc. |
Carlota Solé (dir.) ; Kàtia Lurbe ... [et al.] |
| 250 ## - MENCIÓN DE EDICIÓN |
| Mención de edición |
1ª ed |
| 260 ## - PUBLICACIÓN, DISTRIBUCIÓN, ETC (PIE DE IMPRENTA) |
| Lugar de publicación, distribución, etc. |
Rubí (Barcelona) |
| Nombre del editor, distribuidor, etc. |
Anthropos |
| Fecha de publicación, distribución, etc. |
2006 |
| 300 ## - DESCRIPCIÓN FÍSICA |
| Extensión |
191 p. |
| Otras características físicas |
gráf., mapas bl. y n. |
| Dimensiones |
24 cm |
| 490 1# - MENCIÓN DE SERIE |
| Mención de serie |
Cuadernos A |
| Designación de volumen o secuencia |
23. Temas de innovación social |
| 504 ## - NOTA DE BIBLIOGRAFÍA, ETC. |
| Nota de bibliografía, etc. |
Bibliografía. Bibliografía: p. 149-155 |
| 541 ## - NOTA DE LA FUENTE INMEDIANTE DE ADQUISICIÓN |
| Forma de adquisición |
Compra |
| 650 #4 - ASIENTO SECUNDARIO DE MATERIA--TÉRMINO DE MATERIA |
| Término de materia o nombre geográfico como elemento inicial |
inmigración |
| 9 (RLIN) |
28632 |
| 650 #4 - ASIENTO SECUNDARIO DE MATERIA--TÉRMINO DE MATERIA |
| Término de materia o nombre geográfico como elemento inicial |
inmigrante |
| 9 (RLIN) |
28631 |
| 650 #4 - ASIENTO SECUNDARIO DE MATERIA--TÉRMINO DE MATERIA |
| Término de materia o nombre geográfico como elemento inicial |
libre circulación |
| 9 (RLIN) |
29880 |
| 650 #4 - ASIENTO SECUNDARIO DE MATERIA--TÉRMINO DE MATERIA |
| Término de materia o nombre geográfico como elemento inicial |
movilidad de la mano de obra |
| 9 (RLIN) |
28354 |
| 650 #4 - ASIENTO SECUNDARIO DE MATERIA--TÉRMINO DE MATERIA |
| Término de materia o nombre geográfico como elemento inicial |
inserción profesional |
| 9 (RLIN) |
29942 |
| 650 #4 - ASIENTO SECUNDARIO DE MATERIA--TÉRMINO DE MATERIA |
| Término de materia o nombre geográfico como elemento inicial |
trabajador migrante |
| 9 (RLIN) |
28408 |
| 650 #4 - ASIENTO SECUNDARIO DE MATERIA--TÉRMINO DE MATERIA |
| Término de materia o nombre geográfico como elemento inicial |
jubilado |
| 9 (RLIN) |
29257 |
| 650 #4 - ASIENTO SECUNDARIO DE MATERIA--TÉRMINO DE MATERIA |
| Término de materia o nombre geográfico como elemento inicial |
asistencia a las personas de edad avanzada |
| 9 (RLIN) |
27061 |
| 650 #4 - ASIENTO SECUNDARIO DE MATERIA--TÉRMINO DE MATERIA |
| Término de materia o nombre geográfico como elemento inicial |
Europa Oriental |
| 9 (RLIN) |
26939 |
| 650 #4 - ASIENTO SECUNDARIO DE MATERIA--TÉRMINO DE MATERIA |
| Término de materia o nombre geográfico como elemento inicial |
país de salida |
| 9 (RLIN) |
29798 |
| 650 #4 - ASIENTO SECUNDARIO DE MATERIA--TÉRMINO DE MATERIA |
| Término de materia o nombre geográfico como elemento inicial |
España |
| 9 (RLIN) |
26964 |
| 650 #4 - ASIENTO SECUNDARIO DE MATERIA--TÉRMINO DE MATERIA |
| Término de materia o nombre geográfico como elemento inicial |
país de acogida |
| 9 (RLIN) |
29799 |
| 653 10 - TÉRMINO DE INDEXACIÓN--NO CONTROLADO |
| Término no controlado |
Asuntos Sociales |
| 650 #4 - ASIENTO SECUNDARIO DE MATERIA--TÉRMINO DE MATERIA |
| 9 (RLIN) |
29020 |
| Término de materia o nombre geográfico como elemento inicial |
país de la UE |
| 650 #4 - ASIENTO SECUNDARIO DE MATERIA--TÉRMINO DE MATERIA |
| 9 (RLIN) |
26752 |
| Término de materia o nombre geográfico como elemento inicial |
UE |
| 700 1# - ENCABEZAMIENTO SECUNDARIO--NOMBRE PERSONAL |
| Nombre de persona |
Lurbe, Kàtia |
| 9 (RLIN) |
17162 |
| 700 1# - ENCABEZAMIENTO SECUNDARIO--NOMBRE PERSONAL |
| Nombre de persona |
Solé, Carlota |
| Término indicativo de función |
dir. |
| 9 (RLIN) |
24229 |
| 830 #0 - ENCABEZAMIENTO SECUNDARIO DE COLECCIÓN--TÍTULO UNIFORME |
| Título uniforme |
Cuadernos A |
| Designación de volumen o secuencia |
23 |
| 9 (RLIN) |
34055 |
| 830 #0 - ENCABEZAMIENTO SECUNDARIO DE COLECCIÓN--TÍTULO UNIFORME |
| Título uniforme |
Cuadernos A |
| Nombre de parte o sección de la obra |
Temas de innovación social |
| 9 (RLIN) |
34054 |
| 902 ## - CES. TIPO DE DOCUMENTO |
| Tipodoc (006$c Sirtex) |
LIB Libro |
| 942 ## - ELEMENTOS KOHA |
| Fuente de clasificaión o esquema |
Clasificación propia del CES |
| Koha [por defecto] tipo de item |
Monografías |
| Parte de clasificación |
3.3. |